000 00582nam a2200205Ia 4500
005 20250923145026.0
008 008 250917s9999 xx 000 0 eng d
037 _aTextual
040 _aDSWL
_beng
_cDSWL
041 _aeng
_2eng
084 _aX:97K.73.N5, J6
_qDSWL
100 _aGoldberg, A.J.
_9831007
245 0 _aAFL-CIO Labour Unit
_cby A.J. Goldberg
260 _aNew York
_b McGraw Hill Book Co.
_c1956
300 _axiv,497 p.
365 _aINR
_b2.95
925 _g2.95
942 _cTEXL
_hX:97K.73.N5, J6
999 _c1446195
_d1446195